| 000 | 01139cam a2200337 i 4500 | ||
|---|---|---|---|
| 999 |
_c526934 _d526934 |
||
| 001 | 18280250 | ||
| 003 | NUST | ||
| 005 | 20190718045716.0 | ||
| 008 | 140826t20152015maua b 001 0 eng | ||
| 010 | _a 2013444331 | ||
| 020 | _a9780133591620 (hbk) | ||
| 020 | _a013359162X (hbk) | ||
| 038 | _aArshad | ||
| 040 |
_aDLC _beng _erda _cDLC |
||
| 042 | _apcc | ||
| 050 | 0 | 0 |
_aQA76.77 _b.T359 2015 |
| 082 |
_a005.43 _bTAN |
||
| 100 | 1 |
_aTanenbaum, Andrew S., _d1944- _917939 |
|
| 245 | 1 | 0 | _aModern operating systems. |
| 250 |
_aFourth edition / _bAndrew S. Tanenbaum, Herbert Bos, Vrije Universiteit, Amsterdam, The Netherlands. |
||
| 264 | 1 |
_aBoston : _bPearson, _c2015 |
|
| 300 |
_axxvi, 1101 pages : _billustrations ; _c24 cm |
||
| 336 |
_atext _btxt _2rdacontent |
||
| 337 |
_aunmediated _bn _2rdamedia |
||
| 338 |
_avolume _bnc _2rdacarrier |
||
| 504 | _aIncludes bibliographical references (pages 1031-070) and index. | ||
| 650 | 0 |
_aOperating systems (Computers) _96657 |
|
| 906 |
_a7 _bcbc _corignew _d2 _encip _f20 _gy-gencatlg |
||
| 942 |
_2ddc _cBK |
||